00672nam a22001937a 4500999001900000005001700019010001500036020002600051035001400077037001300091082001200104100002400116245005200140260005000192270005600242300003200298942002600330952012200356 c191151d19115120220822113754.0 aENG-134521 a9789383546114c500.00 aEN-118053 bDBAD/PUB a500.001 aSuryavanshi, Yogesh aMan Environment & WildLife/cYogesh Suryavanshi aGuwahatibMatri Publisher & Distributorc2015 aOpp. Brahmaputra Jute Mill A.K. Azad RoadbGuwahati avii, 248p.bIndexc23cm(hb) 2ddccENh500.001mSUR 001040708NFICaAVbAVd2022-08-22eDBAD/PUBg500.00l0o500.001 SURpEN-118053r2022-08-22 00:00:00t1v500.00yEN